000 01058cam a2200157 4500500
005 20260111085625.0
041 _afre
042 _adc
100 1 0 _aKoller, Sylvie
_eauthor
245 0 0 _aOmer Bartov, Contes des frontières, Faire et défaire le passé en Ukraine. Traduit de l’anglais par Marc-Olivier Behrer. Plein jour, 2024, 498 pages, 26 €.
260 _c2024.
500 _a23
520 _aEn situation d’oppression, l’humour est un art sociologique intuitif qui joue sur la corde raide. En détendant l’atmosphère, en affichant un air tranquille, celui qui lance un mot d’esprit ou une répartie amusante dissout la gravité du moment pour lui ou son groupe et rappelle que rien n’est perdu. Pendant la Deuxième Guerre mondiale, l’humoriste Pierre Dac (1893-1975) devient une figure de la Résistance, grâce à ses interventions sur Radio Londres.
786 0 _nÉtudes | Avril | 4 | 2024-03-28 | p. 119d-119d | 0014-1941
856 4 1 _uhttps://shs.cairn.info/revue-etudes-2024-4-page-119d?lang=fr&redirect-ssocas=7080
999 _c1618372
_d1618372